[Event "GBR-ch 103th"]
[Site "Bournemouth"]
[Date "2016.08.05"]
[Round "11.12"]
[White "Duncan, Chris R"]
[Black "Oyama, Akito"]
[Result "1-0"]
[WhiteElo "2292"]
[BlackElo "2183"]
[PlyCount "105"]
[EventDate "2016.07.25"]
[EventType "swiss"]
[EventRounds "11"]
[EventCountry "GBR"]

1. Nf3 e6 2. d4 f5 3. g3 Nf6 4. Bg2 Be7 5. O-O O-O 6. c4 d6 7. Nc3 Ne4 8. Nxe4
fxe4 9. Nd2 d5 10. f3 exf3 11. Nxf3 c5 12. cxd5 exd5 13. Bf4 Nc6 14. Kh1 c4 15.
b3 b5 16. a4 Ba6 17. axb5 Bxb5 18. bxc4 Bxc4 19. Qa4 Rf6 20. Rfc1 Nb4 21. Qd1
a5 22. Ne5 Bb5 23. e4 Rf8 24. exd5 Bd6 25. Qh5 Be8 26. Qe2 Bf7 27. Nxf7 Rxf7
28. Qe6 Bxf4 29. gxf4 Nd3 30. Rf1 Qe8 31. Rxa5 Rd8 32. f5 Kh8 33. d6 Rf6 34.
Qxe8+ Rxe8 35. d7 Rd8 36. Ra8 Rff8 37. Rfa1 Nf2+ 38. Kg1 Nh3+ 39. Kf1 Ng5 40.
Rxd8 Rxd8 41. Ra8 Rxa8 42. Bxa8 Nf7 43. Bd5 Nd8 44. Kf2 h5 45. Kf3 Kh7 46. Kf4
g5+ 47. Kxg5 h4 48. Kxh4 Kh6 49. Kg4 Kg7 50. h4 Kh6 51. h5 Kg7 52. Kg5 Kh7 53.
Kf6 1-0

[Event "GBR-ch 103th"]
[Site "Bournemouth"]
[Date "2016.08.05"]
[Round "11.13"]
[White "Brooks, Phil J"]
[Black "Kolbus, Dietmar"]
[Result "0-1"]
[WhiteElo "2190"]
[BlackElo "2315"]
[PlyCount "138"]
[EventDate "2016.07.25"]
[EventType "swiss"]
[EventRounds "11"]
[EventCountry "GBR"]

1. d4 Nf6 2. c4 g6 3. Nc3 d5 4. Bg5 Ne4 5. Bh4 Nxc3 6. bxc3 dxc4 7. e3 Be6 8.
Nf3 Bg7 9. Be2 Bd5 10. O-O O-O 11. Qb1 b6 12. Nd2 Qd7 13. Bxc4 Bxc4 14. Nxc4
Qc6 15. Qb3 Re8 16. f4 e6 17. Rae1 Qe4 18. Nd2 Qd3 19. Nf3 Nc6 20. Ne5 Qe4 21.
Nd7 Na5 22. Qd1 f5 23. Qf3 Qd5 24. Qxd5 exd5 25. Nf6+ Bxf6 26. Bxf6 Re6 27. Be5
Rc6 28. Rc1 Nc4 29. Rfe1 Nd2 30. Rc2 Ne4 31. Rec1 Rc4 32. h3 Kf7 33. g4 Ke6 34.
Kf1 Rg8 35. Ke2 h5 36. Kf3 h4 37. Ke2 Kf7 38. Kd3 Re8 39. Rg1 Ng3 40. Rb1 a5
41. Rb5 Ke6 42. Bg7 Ne4 43. Rb1 Rg8 44. Be5 Re8 45. Rg1 Ng3 46. Rb1 Re7 47. Rb5
Rh7 48. Rb1 Ne4 49. Rg1 Ra4 50. Rb1 Kd7 51. Rg1 Ra3 52. Rb1 Kc6 53. Rb3 Ra4 54.
gxf5 gxf5 55. Rg2 Kb7 56. Rbb2 Rc4 57. Rbc2 Rh6 58. Rg7 Rhc6 59. Rh7 a4 60.
Rxh4 Rxc3+ 61. Rxc3 Rxc3+ 62. Ke2 Rc2+ 63. Kd1 Rxa2 64. Rh7 Nc3+ 65. Kc1 Nb5
66. e4 fxe4 67. f5 Rf2 68. f6 a3 69. Kb1 Nc3+ 0-1

[Event "GBR-ch 103th"]
[Site "Bournemouth"]
[Date "2016.08.05"]
[Round "11.14"]
[White "Asenov, Pavel"]
[Black "Zhang, Anthony Y"]
[Result "1/2-1/2"]
[WhiteElo "2250"]
[BlackElo "2149"]
[PlyCount "81"]
[EventDate "2016.07.25"]
[EventType "swiss"]
[EventRounds "11"]
[EventCountry "GBR"]

1. d4 d5 2. c4 c6 3. Nf3 Nf6 4. Nc3 e6 5. Bg5 dxc4 6. a4 Bb4 7. e4 Qa5 8. Bd2
c5 9. Bxc4 cxd4 10. Bb5+ Nbd7 11. Nxd4 O-O 12. O-O Ne5 13. Nc2 Rd8 14. Nxb4
Qxb4 15. Qc2 Qe7 16. Rfd1 Qc7 17. Bg5 Bd7 18. Bxf6 gxf6 19. Bxd7 Rxd7 20. Rxd7
Qxd7 21. Rd1 Qc7 22. Qd2 a6 23. h3 Kg7 24. Ne2 Ng6 25. Ng3 Qc5 26. Rc1 Qg5 27.
Qxg5 fxg5 28. Rc7 Rb8 29. Nh5+ Kh6 30. Nf6 Ne5 31. Nd7 Nxd7 32. Rxd7 Kg6 33. b4
b5 34. a5 Rc8 35. Rd6 Rc4 36. f3 Rxb4 37. Rxa6 Ra4 38. Ra8 b4 39. a6 b3 40. Rb8
Rxa6 41. Rxb3 1/2-1/2

[Event "GBR-ch 103th"]
[Site "Bournemouth"]
[Date "2016.08.05"]
[Round "11.15"]
[White "Taylor, Adam A"]
[Black "Osborne, Marcus E"]
[Result "1/2-1/2"]
[WhiteElo "2168"]
[BlackElo "2244"]
[PlyCount "127"]
[EventDate "2016.07.25"]
[EventType "swiss"]
[EventRounds "11"]
[EventCountry "GBR"]

1. Nf3 Nf6 2. g3 b6 3. Bg2 Bb7 4. O-O c5 5. c4 g6 6. Nc3 Bg7 7. d3 O-O 8. e4
Nc6 9. h3 Ne8 10. Be3 Nd4 11. Bxd4 cxd4 12. Ne2 e5 13. Nd2 h5 14. f4 h4 15. f5
hxg3 16. Nxg3 Qg5 17. Kh2 Nf6 18. Nf3 Qe3 19. Qc2 d6 20. Rae1 Qh6 21. Kg1 Qh8
22. Nh2 Bh6 23. Qe2 Be3+ 24. Kh1 Bf4 25. Qf3 Qh4 26. Ne2 Nh5 27. Qg4 Qxg4 28.
hxg4 Ng3+ 29. Nxg3 Bxg3 30. Rb1 g5 31. Bf3 Bc6 32. Kg2 Bf4 33. Bd1 b5 34. b3 a5
35. Nf3 a4 36. Rh1 Rfb8 37. Bc2 axb3 38. Bxb3 bxc4 39. Bxc4 Rxb1 40. Rxb1 Ra4
41. Rb8+ Kg7 42. Bb3 Ra7 43. Rb6 Ba4 44. Bc4 Bd1 45. Rb1 Bc2 46. Rb2 Ba4 47.
Kf2 Kf6 48. Ke2 Ke7 49. Rb4 Bc6 50. Rb6 Rc7 51. Ne1 Bxe4 52. Bb3 Bc6 53. Nc2
Bg2 54. Nb4 Rc1 55. Nd5+ Bxd5 56. Bxd5 f6 57. Rb7+ Ke8 58. Rb8+ Ke7 59. Rb7+
Ke8 60. Rb8+ Kd7 61. Be6+ Kc6 62. Rc8+ Kb6 63. Rxc1 Bxc1 64. Kf3 1/2-1/2

[Event "GBR-ch 103th"]
[Site "Bournemouth"]
[Date "2016.08.05"]
[Round "11.16"]
[White "Payne, Matthew J"]
[Black "Jones, Steven A"]
[Result "0-1"]
[WhiteElo "2040"]
[BlackElo "2186"]
[PlyCount "80"]
[EventDate "2016.07.25"]
[EventType "swiss"]
[EventRounds "11"]
[EventCountry "GBR"]

1. e4 c5 2. Nc3 g6 3. f4 Bg7 4. Nf3 d6 5. Bc4 Nc6 6. d3 e6 7. O-O Nge7 8. Qe1
O-O 9. f5 d5 10. Bb3 dxe4 11. f6 Bxf6 12. Nxe4 Bg7 13. Bg5 f6 14. Bf4 Na5 15.
Bd6 Nxb3 16. axb3 f5 17. Qh4 Re8 18. Nfg5 h6 19. Be5 Nc6 20. Bxg7 Kxg7 21.
Nxe6+ Bxe6 22. Qxd8 Raxd8 23. Nxc5 Bc8 24. b4 b6 25. Nb3 a6 26. Rf4 Re2 27. Rc4
Bb7 28. Kf1 Rde8 29. d4 Nd8 30. Rc7+ Kf6 31. Rd7 Bxg2+ 32. Kg1 Rxc2 33. Rd6+
Kg5 34. Rxb6 Bd5 35. Nc5 Rg2+ 36. Kf1 Rxh2 37. Raxa6 Bc4+ 38. Kg1 Bxa6 39. Kxh2
Re2+ 40. Kg3 Bc4 0-1

[Event "GBR-ch 103th"]
[Site "Bournemouth"]
[Date "2016.08.05"]
[Round "11.17"]
[White "Hackner, Oskar A"]
[Black "Moreby, James E"]
[Result "0-1"]
[WhiteElo "2156"]
[BlackElo "2040"]
[PlyCount "81"]
[EventDate "2016.07.25"]
[EventType "swiss"]
[EventRounds "11"]
[EventCountry "GBR"]

1. d4 Nf6 2. c4 e6 3. Nc3 Bb4 4. f3 d5 5. a3 Bxc3+ 6. bxc3 c5 7. cxd5 exd5 8.
e3 c4 9. Ne2 Nc6 10. g4 h6 11. Bg2 Na5 12. h4 Nb3 13. Ra2 Be6 14. Kf2 Nd7 15.
Nf4 Qc7 16. g5 hxg5 17. hxg5 O-O-O 18. Kg1 Nb6 19. e4 Rxh1+ 20. Bxh1 Na4 21.
Rc2 Qa5 22. Bd2 dxe4 23. Nxe6 fxe6 24. fxe4 e5 25. Be3 Kb8 26. Qf3 exd4 27.
Qg3+ Ka8 28. cxd4 Nxd4 29. Bxd4 Rxd4 30. Qe3 Qb6 31. Kf2 c3 32. Bf3 a6 33. e5
Qd8 34. e6 Rd2+ 35. Rxd2 cxd2 36. e7 Qe8 37. Qe6 Nc5 38. Qd6 Qc8 39. Qd8 d1=N+
40. Bxd1 Ne4+ 41. Ke3 {phone} 0-1

[Event "GBR-ch 103th"]
[Site "Bournemouth"]
[Date "2016.08.05"]
[Round "11.18"]
[White "Harvey, Marcus R"]
[Black "Bicknell, Carl"]
[Result "1-0"]
[WhiteElo "2324"]
[BlackElo "2121"]
[PlyCount "31"]
[EventDate "2016.07.25"]
[EventType "swiss"]
[EventRounds "11"]
[EventCountry "GBR"]

1. Nf3 c5 2. g3 g6 3. Bg2 Bg7 4. O-O Nc6 5. c4 Nf6 6. Nc3 O-O 7. d4 cxd4 8.
Nxd4 Nxd4 9. Qxd4 d6 10. Bg5 Be6 11. Qh4 Rc8 12. b3 Qa5 13. Rac1 b5 14. Nxb5
Qxa2 15. Nd4 h6 16. Bxh6 1-0

[Event "GBR-ch 103th"]
[Site "Bournemouth"]
[Date "2016.08.05"]
[Round "11.19"]
[White "Hill, Alistair"]
[Black "Fallowfield, Jeremy R"]
[Result "1-0"]
[WhiteElo "2257"]
[BlackElo "2109"]
[PlyCount "69"]
[EventDate "2016.07.25"]
[EventType "swiss"]
[EventRounds "11"]
[EventCountry "GBR"]

1. d4 Nf6 2. c4 g6 3. Nf3 Bg7 4. Nc3 O-O 5. g3 d6 6. Bg2 Nc6 7. O-O a6 8. Bf4
Rb8 9. d5 Na5 10. Qd3 c5 11. e4 b5 12. cxb5 axb5 13. e5 Nh5 14. Bg5 dxe5 15.
Rfe1 f6 16. Be3 c4 17. Qd2 Bd7 18. Ne4 Nb7 19. Qb4 Re8 20. Red1 Bf8 21. a4 Nd6
22. Nxd6 exd6 23. a5 Ng7 24. Bb6 Rxb6 25. axb6 Qxb6 26. b3 cxb3 27. Qxb3 Nf5
28. Bh3 Rc8 29. Rac1 Rxc1 30. Rxc1 e4 31. Bxf5 gxf5 32. Nh4 Bh6 33. Rc6 Bxc6
34. dxc6+ Kf8 35. Qc3 1-0

[Event "GBR-ch 103th"]
[Site "Bournemouth"]
[Date "2016.08.05"]
[Round "11.20"]
[White "Bridge, Neil A"]
[Black "Rudd, Jack"]
[Result "1/2-1/2"]
[WhiteElo "2044"]
[BlackElo "2213"]
[PlyCount "99"]
[EventDate "2016.07.25"]
[EventType "swiss"]
[EventRounds "11"]
[EventCountry "GBR"]

1. d4 Nf6 2. c4 e6 3. Nc3 c5 4. d5 exd5 5. cxd5 d6 6. e4 g6 7. h3 Bg7 8. Bd3
O-O 9. Bg5 h6 10. Be3 Nbd7 11. Nf3 a6 12. a4 b6 13. O-O g5 14. Qd2 g4 15. hxg4
Nxg4 16. Bf4 Ndf6 17. g3 Nh5 18. Kg2 Nxf4+ 19. Qxf4 Qf6 20. Qd2 Ne5 21. Nxe5
Qxe5 22. f4 Qd4 23. Ne2 Qf6 24. Rac1 Bd7 25. b3 b5 26. a5 Rfc8 27. Rf2 Rab8 28.
Qe3 Qb2 29. e5 dxe5 30. Rb1 Qa2 31. fxe5 c4 32. Nd4 Qxa5 33. Bf5 Bxf5 34. Nxf5
Qd8 35. d6 cxb3 36. Ne7+ Kh8 37. Rh1 Qf8 38. Rf6 Rc2+ 39. Kf3 Kh7 40. Qe4+ Kh8
41. Qe3 Kh7 42. Qg5 Rc3+ 43. Kf2 Rc2+ 44. Ke3 Rc3+ 45. Kd2 Rc2+ 46. Kd1 Rbc8
47. Qf5+ Kh8 48. Rfxh6+ Bxh6 49. Qf6+ Kh7 50. Qf5+ 1/2-1/2

[Event "GBR-ch 103th"]
[Site "Bournemouth"]
[Date "2016.08.05"]
[Round "11.22"]
[White "Walker, Samuel A"]
[Black "Wall, Tim P"]
[Result "0-1"]
[WhiteElo "2022"]
[BlackElo "2162"]
[PlyCount "28"]
[EventDate "2016.07.25"]
[EventType "swiss"]
[EventRounds "11"]
[EventCountry "GBR"]

1. Nf3 e6 2. g3 f5 3. c4 Nf6 4. Bg2 d5 5. O-O Bd6 6. Nc3 O-O 7. d3 Nc6 8. cxd5
exd5 9. Bg5 Be6 10. Nb5 Bc5 11. Qa4 h6 12. Bf4 Bb6 13. Nbd4 Nxd4 14. Nxd4 Bd7
0-1

[Event "GBR-ch 103th"]
[Site "Bournemouth"]
[Date "2016.08.05"]
[Round "11.23"]
[White "Smith, Andrew P"]
[Black "Mitra, Roman C"]
[Result "1-0"]
[WhiteElo "2145"]
[BlackElo "2073"]
[PlyCount "74"]
[EventDate "2016.07.25"]
[EventType "swiss"]
[EventRounds "11"]
[EventCountry "GBR"]

1. e4 c5 2. Nf3 d6 3. d4 cxd4 4. Nxd4 Nf6 5. Nc3 a6 6. f4 e5 7. Nf3 Qc7 8. Bd3
Nc6 9. O-O Be7 10. Kh1 exf4 11. Bxf4 Ne5 12. Nxe5 dxe5 13. Bg5 Be6 14. Qe2 Rd8
15. Rad1 Qc6 16. Bxf6 Bxf6 17. Nd5 Bg5 18. Bc4 h5 19. Bb3 Rd7 20. Nb4 Qc8 21.
Bxe6 fxe6 22. Qf3 Bf6 23. Rxd7 Qxd7 24. Rd1 Qc7 25. c3 Ke7 26. h3 h4 27. Qd3
Rh6 28. Nc2 Rg6 29. Ne3 Rg3 30. Qe2 Bg5 31. Nf1 Bf4 32. Nxg3 hxg3 33. Qg4 Kf6
34. Qh4+ Kg6 35. Qg4+ Kf6 36. Rf1 g5 37. Qxg3 Qc4 1-0

[Event "GBR-ch 103th"]
[Site "Bournemouth"]
[Date "2016.08.05"]
[Round "11.24"]
[White "Menadue, Jeremy FS"]
[Black "Mason, Donald J"]
[Result "1/2-1/2"]
[WhiteElo "2034"]
[BlackElo "2143"]
[PlyCount "29"]
[EventDate "2016.07.25"]
[EventType "swiss"]
[EventRounds "11"]
[EventCountry "GBR"]

1. d4 d5 2. Nf3 Nf6 3. c4 c6 4. e3 Bf5 5. Nc3 e6 6. Nh4 Bg4 7. Qb3 Nbd7 8. h3
Bh5 9. g4 Ne4 10. Nxe4 dxe4 11. Ng2 Bg6 12. Nf4 e5 13. Nxg6 hxg6 14. Bg2 Qc7
15. Bxe4 1/2-1/2

[Event "GBR-ch 103th"]
[Site "Bournemouth"]
[Date "2016.08.05"]
[Round "11.25"]
[White "Zhu, Richard"]
[Black "Shaw, Peter"]
[Result "1/2-1/2"]
[WhiteElo "1905"]
[BlackElo "2143"]
[PlyCount "57"]
[EventDate "2016.07.25"]
[EventType "swiss"]
[EventRounds "11"]
[EventCountry "GBR"]

1. d4 d6 2. c4 e5 3. Nf3 e4 4. Nfd2 f5 5. Nc3 Nf6 6. e3 c6 7. Be2 Be7 8. b3 O-O
9. Bb2 Na6 10. a3 Nc7 11. Qc2 Be6 12. h3 d5 13. O-O-O c5 14. dxc5 Bxc5 15. g4
Qe7 16. gxf5 Bxf5 17. b4 Bd6 18. cxd5 a5 19. bxa5 Rxa5 20. Nb3 Raa8 21. a4 Rfc8
22. Nd4 Bd7 23. Qb3 Kh8 24. Kb1 Na6 25. Ndb5 Nc5 26. Qa2 Be5 27. d6 Qd8 28.
Rhg1 Qf8 29. Rc1 1/2-1/2

[Event "GBR-ch 103th"]
[Site "Bournemouth"]
[Date "2016.08.05"]
[Round "11.26"]
[White "Longson, Sarah N"]
[Black "Hand, Freddie"]
[Result "1/2-1/2"]
[WhiteElo "2117"]
[BlackElo "2062"]
[PlyCount "39"]
[EventDate "2016.07.25"]
[EventType "swiss"]
[EventRounds "11"]
[EventCountry "GBR"]

1. e4 e5 2. Nf3 Nf6 3. Nxe5 d6 4. Nf3 Nxe4 5. Nc3 Nxc3 6. dxc3 Be7 7. Be3 O-O
8. Qd2 Nd7 9. O-O-O Ne5 10. Kb1 c6 11. Nxe5 dxe5 12. Bd3 Qa5 13. Qe2 Be6 14. c4
Rfe8 15. Rhe1 Bf6 16. Bd2 Qb6 17. Qe3 Qxe3 18. Rxe3 Bg5 19. Ree1 Bxd2 20. Rxd2
1/2-1/2

[Event "GBR-ch 103th"]
[Site "Bournemouth"]
[Date "2016.08.05"]
[Round "11.27"]
[White "Waddington, Mike P"]
[Black "Kalavannan, Koby"]
[Result "1/2-1/2"]
[WhiteElo "2018"]
[BlackElo "2131"]
[PlyCount "45"]
[EventDate "2016.07.25"]
[EventType "swiss"]
[EventRounds "11"]
[EventCountry "GBR"]

1. Nc3 c5 2. e4 Nc6 3. f4 g6 4. Nf3 Bg7 5. Bb5 Nd4 6. O-O a6 7. Bc4 b5 8. Bd5
Rb8 9. e5 e6 10. Be4 d5 11. Bd3 Nxf3+ 12. Qxf3 Ne7 13. Nd1 Qb6 14. Nf2 c4 15.
Be2 Nf5 16. c3 d4 17. d3 Bb7 18. Qh3 Rd8 19. cxd4 Nxd4 20. Bd1 cxd3 21. Be3 Qc6
22. Bxd4 Rxd4 23. Bf3 1/2-1/2

[Event "GBR-ch 103th"]
[Site "Bournemouth"]
[Date "2016.08.05"]
[Round "11.28"]
[White "Miller, Dominic"]
[Black "Crocker, Philip J"]
[Result "0-1"]
[WhiteElo "1783"]
[BlackElo "2122"]
[PlyCount "68"]
[EventDate "2016.07.25"]
[EventType "swiss"]
[EventRounds "11"]
[EventCountry "GBR"]

1. e4 Nf6 2. e5 Nd5 3. d4 d6 4. Nf3 dxe5 5. Nxe5 c6 6. Be2 Bf5 7. g4 Be6 8. f4
f6 9. Nd3 Na6 10. O-O g6 11. Nc3 Qb6 12. Nxd5 Bxd5 13. Be3 O-O-O 14. c3 Bg7 15.
b4 e5 16. Nc5 Nxc5 17. bxc5 Qa5 18. Bd2 Qa3 19. g5 exd4 20. c4 Be4 21. Qb3 Qxb3
22. axb3 d3 23. Bf3 f5 24. Rxa7 Bd4+ 25. Kg2 Bxc5 26. Ra5 Bb6 27. Re5 Bc7 28.
Re7 Rde8 29. Rf7 Bxf3+ 30. Kxf3 Re2 31. Rd1 Rhe8 32. Rxh7 Ba5 33. Rh8 Rxh8 34.
Bxa5 Rh3# 0-1

[Event "GBR-ch 103th"]
[Site "Bournemouth"]
[Date "2016.08.05"]
[Round "11.29"]
[White "Elwin, Adrian G"]
[Black "Hewson, Brian Wr"]
[Result "1/2-1/2"]
[WhiteElo "1992"]
[BlackElo "2082"]
[PlyCount "101"]
[EventDate "2016.07.25"]
[EventType "swiss"]
[EventRounds "11"]
[EventCountry "GBR"]

1. d4 d5 2. Nf3 Nf6 3. c4 c6 4. Nc3 e6 5. Qb3 Be7 6. Bf4 Nbd7 7. h3 dxc4 8.
Qxc4 Nd5 9. Nxd5 exd5 10. Qc2 O-O 11. e3 Qa5+ 12. Nd2 Bb4 13. a3 Bxd2+ 14. Qxd2
Qxd2+ 15. Kxd2 a5 16. Bd3 Re8 17. Rhc1 a4 18. g4 Nf8 19. f3 Ne6 20. Bg3 Ng5 21.
Ke2 f6 22. h4 Ne6 23. Kd2 Nf8 24. Re1 Bd7 25. Rac1 Rad8 26. Bc2 b5 27. Bf5 Ne6
28. Kc3 g6 29. Bxe6+ Bxe6 30. Kb4 Bd7 31. Kc5 Re6 32. g5 Rde8 33. Bf4 Rf8 34.
Rg1 Be8 35. Rc3 Rf7 36. Rg3 f5 37. Be5 Kf8 38. Rg2 Ke7 39. b3 axb3 40. Rxb3 Kf8
41. Ra2 Ra7 42. Rb4 Kf7 43. a4 bxa4 44. Raxa4 Ree7 45. Rxa7 Rxa7 46. Kd6 Re7
47. Rb8 Rd7+ 48. Kxc6 Rd8+ 49. Kc5 Rxb8 50. Bxb8 Ke6 51. Be5 1/2-1/2

[Event "GBR-ch 103th"]
[Site "Bournemouth"]
[Date "2016.08.05"]
[Round "11.30"]
[White "Lyell, Mark"]
[Black "Wager, John D"]
[Result "1-0"]
[WhiteElo "2238"]
[BlackElo "2053"]
[PlyCount "83"]
[EventDate "2016.07.25"]
[EventType "swiss"]
[EventRounds "11"]
[EventCountry "GBR"]

1. e4 b6 2. d4 Bb7 3. Bd3 e6 4. Nf3 Nf6 5. e5 Nd5 6. O-O c5 7. dxc5 Bxc5 8. a3
Nc6 9. c4 Nc7 10. b4 Be7 11. Nbd2 O-O 12. Qc2 h6 13. Ne4 Ne8 14. Bb2 Rc8 15.
Rad1 Qc7 16. Qe2 f5 17. exf6 gxf6 18. Qe3 Kg7 19. Ng3 Rh8 20. Bb1 Bd6 21. Nh5+
Kf7 22. Qd3 Ne7 23. Nd2 Bxh2+ 24. Kh1 Be5 25. Bxe5 Qxe5 26. Ng3 h5 27. Rfe1 Qc7
28. Nge4 h4 29. Re3 f5 30. Ng5+ Kf6 31. Qc3+ e5 32. f4 d6 33. fxe5+ Kxg5 34.
exd6 Nxd6 35. Re6 Bxg2+ 36. Kxg2 Rcg8 37. Kf2 Ng6 38. Rg1+ Kh6 39. Rexg6+ Kh7
40. Rxg8 Rxg8 41. Rxg8 Kxg8 42. Qf3 1-0

[Event "GBR-ch 103th"]
[Site "Bournemouth"]
[Date "2016.08.05"]
[Round "11.31"]
[White "Britton, Richard L"]
[Black "Pleasants, Allan J"]
[Result "1-0"]
[WhiteElo "2188"]
[BlackElo "2038"]
[PlyCount "55"]
[EventDate "2016.07.25"]
[EventType "swiss"]
[EventRounds "11"]
[EventCountry "GBR"]

1. e4 g6 2. d4 Bg7 3. Nc3 c6 4. f4 d5 5. e5 Nh6 6. Be2 f6 7. Be3 Na6 8. Nf3 Nc7
9. h3 O-O 10. Qd2 fxe5 11. Nxe5 Nf5 12. Bf2 Ne6 13. g3 Qc7 14. Rg1 b5 15. O-O-O
Nd6 16. Be3 Nc4 17. Bxc4 bxc4 18. g4 Rb8 19. Rdf1 Bd7 20. h4 Rb7 21. h5 Rfb8
22. hxg6 hxg6 23. Rh1 Be8 24. Qh2 Nf8 25. f5 Rxb2 26. fxg6 Bxg6 27. Nxg6 Qxh2
28. Nxe7+ 1-0

[Event "GBR-ch 103th"]
[Site "Bournemouth"]
[Date "2016.08.05"]
[Round "11.32"]
[White "Simons, Martin J"]
[Black "Coleman, David J"]
[Result "0-1"]
[WhiteElo "2015"]
[BlackElo "2181"]
[PlyCount "80"]
[EventDate "2016.07.25"]
[EventType "swiss"]
[EventRounds "11"]
[EventCountry "GBR"]

1. d4 Nf6 2. f3 d5 3. e4 dxe4 4. Nc3 exf3 5. Nxf3 Bf5 6. Ne5 c6 7. Bc4 e6 8.
O-O Bg6 9. g4 Nbd7 10. Nxg6 hxg6 11. g5 Qc7 12. Bf4 Bd6 13. Bxd6 Qxd6 14. Rf2
Nd5 15. Ne4 Qc7 16. Qf3 O-O-O 17. Raf1 Rh4 18. Bxd5 exd5 19. Nc3 f5 20. Ne2 Re4
21. Nf4 Qd6 22. c3 Rh8 23. Qg3 Rhe8 24. Qh3 Nf8 25. Qh8 Qe7 26. Qh3 Kb8 27. Qg3
Ka8 28. Rf3 Qd6 29. h4 a6 30. Qh3 Ka7 31. b4 Ne6 32. Nxg6 Rg4+ 33. Kh1 Nxg5 34.
hxg5 Qxg6 35. Rxf5 Rxg5 36. Rxg5 Qxg5 37. Rg1 Qf6 38. a4 g5 39. Qg3 Qf5 40. Kg2
Re2+ 0-1

[Event "GBR-ch 103th"]
[Site "Bournemouth"]
[Date "2016.08.05"]
[Round "11.33"]
[White "Starley, Robert"]
[Black "Klingher, Dominic"]
[Result "1-0"]
[WhiteElo "2001"]
[BlackElo "2117"]
[PlyCount "79"]
[EventDate "2016.07.25"]
[EventType "swiss"]
[EventRounds "11"]
[EventCountry "GBR"]

1. e4 e6 2. d4 d5 3. Nd2 dxe4 4. Nxe4 Nf6 5. Nxf6+ gxf6 6. Be3 b6 7. Nf3 Bb7 8.
Bc4 c6 9. Qe2 Bd6 10. O-O-O Nd7 11. Rhe1 Qc7 12. d5 cxd5 13. Bxd5 O-O-O 14.
Bxb7+ Kxb7 15. Nd4 Ne5 16. f4 Nc4 17. Qf3+ Kb8 18. Nc6+ Kc8 19. Nxd8 Rxd8 20.
g3 Kb8 21. Rd3 Rc8 22. Re2 Qd7 23. Bd4 Qb5 24. Bxf6 e5 25. Rb3 Qc5 26. Qf2 Qa5
27. Kb1 Qd5 28. Kc1 exf4 29. gxf4 Rg8 30. Rd3 Qa5 31. a3 Bc5 32. Bd4 Qb5 33.
Rb3 Bxd4 34. Qxd4 Qc6 35. Rd3 Rc8 36. b3 Qh1+ 37. Rd1 Qf3 38. Rf2 Nxa3 39. Qd6+
Ka8 40. Qd5+ 1-0

[Event "GBR-ch 103th"]
[Site "Bournemouth"]
[Date "2016.08.05"]
[Round "11.34"]
[White "Varney, Zoe"]
[Black "Talbot, Nathan L"]
[Result "0-1"]
[WhiteElo "1818"]
[BlackElo "2108"]
[PlyCount "62"]
[EventDate "2016.07.25"]
[EventType "swiss"]
[EventRounds "11"]
[EventCountry "GBR"]

1. e4 e6 2. d4 d5 3. exd5 exd5 4. Nf3 Bd6 5. c4 Nf6 6. Nc3 dxc4 7. Bxc4 O-O 8.
O-O Nc6 9. h3 a6 10. Re1 b5 11. Bb3 h6 12. Ne5 Bb7 13. Bf4 Bb4 14. Ng6 Re8 15.
Rxe8+ Nxe8 16. Ne5 Nxe5 17. dxe5 Bxc3 18. bxc3 c5 19. Qg4 c4 20. Bc2 Qb6 21.
Rd1 a5 22. Rd6 Nxd6 23. exd6 Qc6 24. f3 Qc5+ 25. Kf1 Kf8 26. Qd7 Qc8 27. Qe7+
Kg8 28. Bf5 Qxf5 29. Qxb7 Re8 30. Qc6 Qb1+ 31. Kf2 Qe1# 0-1

[Event "GBR-ch 103th"]
[Site "Bournemouth"]
[Date "2016.08.05"]
[Round "11.35"]
[White "Birkett, Richard"]
[Black "Keely, Leo A"]
[Result "0-1"]
[WhiteElo "2053"]
[BlackElo "1938"]
[PlyCount "94"]
[EventDate "2016.07.25"]
[EventType "swiss"]
[EventRounds "11"]
[EventCountry "GBR"]

1. e4 d5 2. exd5 Nf6 3. Nf3 Bg4 4. h3 Bh5 5. Bb5+ Nbd7 6. g4 Bg6 7. Ne5 a6 8.
Bxd7+ Nxd7 9. Nxg6 hxg6 10. Qf3 Nb6 11. Nc3 Qd7 12. d3 f5 13. Be3 O-O-O 14.
Bxb6 cxb6 15. O-O-O b5 16. Qf4 g5 17. Qxf5 Qxf5 18. gxf5 b4 19. Ne4 Rxd5 20.
Ng3 Rh6 21. Rhe1 g6 22. fxg6 Rxg6 23. Re4 a5 24. Rde1 Rf6 25. R1e2 Kd7 26. Kd1
e6 27. Rg4 Rh6 28. Ne4 Be7 29. Re3 Bf6 30. Rf3 Bxb2 31. Rf7+ Kc6 32. Rxg5 Rxh3
33. Rg6 Re5 34. f4 Reh5 35. Rxe6+ Kb5 36. Rxb7+ Ka4 37. Ng5 Rg3 38. Re1 Bc3 39.
Rf1 Rg2 40. Ne4 Rhh2 41. Nxc3+ bxc3 42. f5 Rd2+ 43. Kc1 Rxc2+ 44. Kb1 Rb2+ 45.
Rxb2 Rxb2+ 46. Ka1 Ka3 47. d4 Rxa2+ 0-1

[Event "GBR-ch 103th"]
[Site "Bournemouth"]
[Date "2016.08.05"]
[Round "11.36"]
[White "Brewer, Callum D"]
[Black "Golding, Alex"]
[Result "1-0"]
[WhiteElo "1988"]
[BlackElo "1961"]
[PlyCount "161"]
[EventDate "2016.07.25"]
[EventType "swiss"]
[EventRounds "11"]
[EventCountry "GBR"]

1. e4 c5 2. Nc3 d6 3. f4 Nc6 4. Nf3 e6 5. Bb5 Qc7 6. O-O a6 7. Bxc6+ Qxc6 8.
Qe2 Be7 9. a4 b6 10. d4 Nf6 11. Re1 cxd4 12. Nxd4 Qc7 13. Kh1 h5 14. Be3 Bb7
15. Nb3 Rc8 16. Bf2 Ng4 17. h3 Nxf2+ 18. Qxf2 Bf6 19. Re3 O-O 20. Rae1 Qc4 21.
Rd3 Qb4 22. Qe3 Bxc3 23. bxc3 Qxa4 24. Rxd6 Rc6 25. Rd4 Rc4 26. Red1 Rxd4 27.
Rxd4 Qc6 28. Nd2 b5 29. Qg3 Rc8 30. c4 Qb6 31. c3 a5 32. f5 exf5 33. exf5 Qf6
34. cxb5 Qxf5 35. Qd3 Qg5 36. Ne4 Qg6 37. Rd8+ Rxd8 38. Qxd8+ Kh7 39. Ng5+ Kh6
40. Qe7 Bd5 41. h4 f6 42. Qd8 fxg5 43. Qxd5 gxh4 44. Qc4 Qg3 45. Qe6+ g6 46. b6
Qxc3 47. Qd6 Qc1+ 48. Kh2 h3 49. Kxh3 Qh1+ 50. Qh2 Qf1 51. Qe5 Qh1+ 52. Kg3 h4+
53. Kf2 Qb1 54. Qf4+ g5 55. Qf8+ Kh5 56. Qf7+ Kh6 57. Qf6+ Kh5 58. Qf7+ Kh6 59.
b7 Qb2+ 60. Kf3 Qc3+ 61. Ke4 Qb4+ 62. Ke5 Qc5+ 63. Qd5 Qc3+ 64. Ke6 Qg3 65. Kd7
h3 66. gxh3 Kh5 67. Qf7+ Kh6 68. Qf8+ Kh5 69. Qd6 Qxh3+ 70. Kd8 Qc3 71. b8=Q
Qh8+ 72. Kd7 Qg7+ 73. Qe7 Qd4+ 74. Qbd6 Qa7+ 75. Ke8 Qa8+ 76. Kf7 Qf3+ 77. Kg7
Qc3+ 78. Qdf6 Qd2 79. Qef7+ Kg4 80. Qf3+ Kh4 81. Q7h5# 1-0

[Event "GBR-ch 103th"]
[Site "Bournemouth"]
[Date "2016.08.05"]
[Round "11.37"]
[White "Clark, Ian C"]
[Black "Kalaiyalahan, Akshaya"]
[Result "1/2-1/2"]
[WhiteElo "1963"]
[BlackElo "2288"]
[PlyCount "82"]
[EventDate "2016.07.25"]
[EventType "swiss"]
[EventRounds "11"]
[EventCountry "GBR"]

1. e4 c5 2. Nf3 e6 3. Nc3 Nc6 4. Bb5 Nge7 5. O-O a6 6. Bxc6 Nxc6 7. d3 Be7 8.
Be3 d6 9. Qd2 O-O 10. Ne2 b5 11. c3 Bb7 12. Rad1 Rc8 13. h3 h6 14. Nh2 Na5 15.
f4 c4 16. Nf3 Qc7 17. f5 cxd3 18. Qxd3 Qc4 19. Qxc4 Nxc4 20. Bc1 Bxe4 21. fxe6
fxe6 22. Nfd4 e5 23. Rxf8+ Rxf8 24. Ng3 Bg6 25. Nc6 Bh4 26. Kh2 Bc2 27. Re1 Bg6
28. b3 Nb6 29. Rd1 Nc8 30. Ba3 Re8 31. Nb4 a5 32. Nd5 Rf8 33. Nc7 Rf2 34. Bxd6
Nxd6 35. Rxd6 Bb1 36. a4 bxa4 37. bxa4 Ra2 38. Rd5 Rxa4 39. Rxe5 Rc4 40. Nb5
Rc6 41. Re8+ Kh7 1/2-1/2

[Event "GBR-ch 103th"]
[Site "Bournemouth"]
[Date "2016.08.05"]
[Round "11.38"]
[White "Dalton, Joseph"]
[Black "Grieve, Harry"]
[Result "0-1"]
[WhiteElo "1928"]
[BlackElo "1994"]
[PlyCount "36"]
[EventDate "2016.07.25"]
[EventType "swiss"]
[EventRounds "11"]
[EventCountry "GBR"]

1. d4 Nf6 2. Nf3 e6 3. e3 b6 4. Bd3 Bb7 5. O-O Be7 6. c4 c5 7. Nc3 cxd4 8. exd4
d6 9. d5 e5 10. Ng5 Nbd7 11. f4 Rc8 12. b3 h6 13. Ne6 fxe6 14. dxe6 O-O 15.
exd7 Qxd7 16. fxe5 dxe5 17. Qe2 Qd4+ 18. Qe3 Bc5 0-1